000 nam a22 a 4500
999 _c903
_d903
003 AKMAL
005 20170505164536.0
008 170505s2006 my | e | 000 0 may d
020 _a9833603920 (kkt.) :
_cRM18.50
039 9 _a200903181202
_bkik3856
_c200705151533
_dazma
_c200703291009
_dnooraini
_c200703291008
_dnooraini
040 _aAKMAL
_cAKMAL
049 _amal
082 0 4 _a297.18 MOH
_222
090 0 0 _a297.18
_bMOH
100 0 _aMohd. Fadzilah Kamsah,
_cDato',
_d1951-
_91278
245 1 0 _aCerita-cerita motivasi untuk pemimpin /
_cDato' Mohd. Fadzilah Kamsah, Fauzul Na'im Ishak
260 _aBatu Caves, Selangor :
_bPTS Millennia,
_c2006
300 _aix, 205ms. ;
_c22cm.
440 0 _aSiri inspirasi
_91931
650 1 0 _aIslamic stories, Malay
_91556
650 2 0 _aDidactic fiction, Malay
_91932
700 0 _aFauzul Na'im Ishak
_91933
856 4 _uhttp://pts.com.my/index.php/buku/363/
_yKulit Depan, Ringkasan & Isi Kandungan
942 _2ddc
_cBOOK